Normal view MARC view

Entry Topical Term

Number of records used in: 1

001 - CONTROL NUMBER

  • control field: 55791

003 - CONTROL NUMBER IDENTIFIER

  • control field: OSt

005 - DATE AND TIME OF LATEST TRANSACTION

  • control field: 20220827122225.0

008 - FIXED-LENGTH DATA ELEMENTS

  • fixed length control field: 220827|| aca||aabn | a|a d

040 ## - CATALOGING SOURCE

  • Original cataloging agency: OSt
  • Transcribing agency: OSt

150 ## - HEADING--TOPICAL TERM

  • Topical term or geographic name entry element: Dictionaries

670 ## - SOURCE DATA FOUND

  • Source citation: Work cat.: (OSt)87635: JONES (Daniel) and GIMSON (A C) 55790, English pronouncing dictionary, 1977